| 000 | 00854nam a22002777a 4500 | ||
|---|---|---|---|
| 001 | 6555 | ||
| 003 | FISKH | ||
| 005 | 20250825140341.0 | ||
| 008 | 250509b cb ||||| |||| 00| 0 eng d | ||
| 020 | _a9780756633738 | ||
| 040 |
_aFISKH _beng _cFISKH _dFISKH |
||
| 050 | _aSF375 .R67 | ||
| 082 | _a636.3 | ||
| 100 | _aClayton, Gordon | ||
| 245 |
_aSee how they grow: _bLamb / _cby Gordon Clayton |
||
| 250 | _aThis edition pubslished in 2008 | ||
| 260 |
_aLondon : _bDK publishing, _c1998 |
||
| 300 |
_a18 unnumnbered pages ; _bcolor illustrations ; _c21 cm |
||
| 505 | _aJ | ||
| 520 | _aPhotographs and text depict the growth and development of a lamb from its first hours of life to twelve weeks old. | ||
| 521 | 8 |
_a500
_bLexile AD |
|
| 521 | 8 |
_aJ
_bRaz-Plus |
|
| 650 |
_aAnimals _vLamb |
||
| 942 |
_2ddc _cBK _n0 |
||
| 999 |
_c6555 _d6555 |
||